000 01232nam a2200301 i 4500
001 146171
003 ES-MaACL
005 20250808063532.0
007 t|
008 070904s1959 sp ||||1| spa d
080 _a964.9(093.3)"15"
080 _a908(649)"15"
100 1 _aTorriani, Leonardo,
_d1559-1628
_eaut
_9111038
245 1 0 _aDescripción e historia del reino de las islas Canarias :
_bantes Afortunadas, con el parecer de su fortificaciones /
_cLeonardo Torriani ; traducción del italiano, con introducción y notas, por Alejandro Cioranescu
260 _aSanta Cruz de Tenerife :
_bGoya,
_c1959
300 _aXLIII, 298 páginas :
_bilustraciones, mapas ;
_c21 cm
500 _aÍndices
500 _aVoces indígenas
504 _aReferencias bibliográficas
530 _aDisponible en formato digital
651 4 _aCanarias-
_xDescripción-
_yS.XVI
_97945
700 1 _aCioranescu, Alejandro,
_d1911-1999
_eaui
_etrl
_938865
852 _aES-MaACL
_bR.45039
_cGalería
_jC-16980
856 _uhttps://hdl.handle.net/20.500.12285/mdcte/958
_yVersión en línea
_z(Memoria digital de Canarias (mdC))
942 _2udc
_cMONOGRAFIA
_n0
999 _c146171
_d146171